Liberia : Fifth and Sixth Reviews Under the Extended Credit Facility Arrangement, Request for Waivers of Nonobservance of Performance Criteria, Augmentation of Access, and Extension of the Arrangement-Press Release; Staff Report; and Statement by the Executive Director for Liberia.

This paper discusses Liberia's Fifth and Sixth Reviews Under the Extended Credit Facility (ECF) Arrangement, Request for Waivers of Nonobservance of Performance Criteria, Augmentation of Access, and Extension of the Arrangement. Two end-December 2015 and three end-June performance criteria were...

Descrizione completa

Dettagli Bibliografici
Ente Autore: International Monetary Fund. African Dept
Natura: Periodico
Lingua:English
Pubblicazione: Washington, D.C. : International Monetary Fund, 2016.
Serie:IMF Staff Country Reports; Country Report ; No. 2016/392
Accesso online:Full text available on IMF
LEADER 01982cas a2200241 a 4500
001 AALejournalIMF017302
008 230101c9999 xx r poo 0 0eng d
020 |c 5.00 USD 
020 |z 9781475562620 
022 |a 1934-7685 
040 |a BD-DhAAL  |c BD-DhAAL 
110 2 |a International Monetary Fund.  |b African Dept. 
245 1 0 |a Liberia :   |b Fifth and Sixth Reviews Under the Extended Credit Facility Arrangement, Request for Waivers of Nonobservance of Performance Criteria, Augmentation of Access, and Extension of the Arrangement-Press Release; Staff Report; and Statement by the Executive Director for Liberia. 
264 1 |a Washington, D.C. :  |b International Monetary Fund,  |c 2016. 
300 |a 1 online resource (108 pages) 
490 1 |a IMF Staff Country Reports 
500 |a <strong>Off-Campus Access:</strong> No User ID or Password Required 
500 |a <strong>On-Campus Access:</strong> No User ID or Password Required 
506 |a Electronic access restricted to authorized BRAC University faculty, staff and students 
520 3 |a This paper discusses Liberia's Fifth and Sixth Reviews Under the Extended Credit Facility (ECF) Arrangement, Request for Waivers of Nonobservance of Performance Criteria, Augmentation of Access, and Extension of the Arrangement. Two end-December 2015 and three end-June performance criteria were missed. Two out of nine structural benchmarks for the fifth review were met, while three were completed late. Three out of five structural benchmarks for the sixth review were met. The IMF staff supports the completion of the fifth and sixth reviews and the authorities' requests for waivers of nonobservance of performance criteria, augmentation of ECF access, and extension of the ECF arrangement. 
538 |a Mode of access: Internet 
830 0 |a IMF Staff Country Reports; Country Report ;  |v No. 2016/392 
856 4 0 |z Full text available on IMF  |u http://elibrary.imf.org/view/journals/002/2016/392/002.2016.issue-392-en.xml  |z IMF e-Library